Traité élémentaire de la pile électrique / par Alfred Niaudet ; suivie d'une notice sur les accumulateurs par E. Hóspitalier. (Record no. 160633)

MARC details
000 -LEADER
campo de control de longitud fija 00658nam a2200193 i 4500
001 - NÚMERO DE CONTROL
campo de control 160633
003 - IDENTIFICADOR DE NÚMERO DE CONTROL
campo de control ES-MaACL
005 - FECHA Y HORA DE LA ÚLTIMA TRANSACCIÓN
campo de control 20230906212107.0
008 - DATOS DE LONGITUD FIJA--INFORMACIÓN GENERAL
campo de control de longitud fija 010326s1885 fr a |||| | fre d
080 ## - NÚMERO DE LA CLASIFICACIÓN DECIMAL UNIVERSAL
Número de la Clasificación Decimal Universal 621.352
100 1# - ENTRADA PRINCIPAL--NOMBRE DE PERSONA
Nombre de persona Niaudet Breguet, Alfred.
9 (RLIN) 141854
245 10 - MENCIÓN DEL TÍTULO
Título Traité élémentaire de la pile électrique / par Alfred Niaudet ; suivie d'une notice sur les accumulateurs par E. Hóspitalier.
250 ## - MENCION DE EDICION
Mención de edición 3ème éd. rev. et augm.
260 ## - PUBLICACIÓN, DISTRIBUCIÓN, ETC.
Lugar de publicación, distribución, etc. Paris :
Nombre del editor, distribuidor, etc. Baudry,
Fecha de publicación, distribución, etc. 1885.
300 ## - DESCRIPCIÓN FÍSICA
Extensión XV, 352 p. :
Otras características físicas il. ;
Dimensiones 25 cm.
650 04 - PUNTO DE ACCESO ADICIONAL DE MATERIA--TÉRMINO DE MATERIA
Término de materia o nombre geográfico como elemento de entrada Pilas eléctricas.
9 (RLIN) 15999
700 1# - ENTRADA AGREGADA--NOMBRE PERSONAL
Nombre de persona Hospitalier, E.
9 (RLIN) 64290
852 ## - LOCALIZACIÓN
Ubicación ES-MaACL
Número de control de estantería B-1990
Nota libre . - Enc. hol.
Holdings
Estatus retirado Estado de pérdida Estado de daño No para préstamo Colección Biblioteca de origen Biblioteca actual Ubicación en estantería Fecha de adquisición Fuente de adquisición Total de préstamos Signatura topográfica completa Código de barras Visto por última vez Precio de reemplazo Tipo de ítem Koha
        Libros del s. XIX Biblioteca del Ateneo de Madrid Biblioteca del Ateneo de Madrid Sala Pardo Bazán 17/01/2008     B-1990 1168194 23/02/2023 23/02/2023 Libro impreso antiguo